| 000 | 00551nam a22001575i 4500 | ||
|---|---|---|---|
| 001 | 167020 | ||
| 003 | ES-MaACL | ||
| 005 | 20230906213438.0 | ||
| 008 | 000121s1872 po |||| | por d | ||
| 040 |
_aCCPB | B _bspa _cCCPB | B |
||
| 100 | 1 |
_aVasconcellos, A. A. Teixeira de ( _d1816-1878) _9133566 |
|
| 245 | 1 | 0 |
_aPapeis velhos _b: narrações / _cTeixeira de Vasconcellos. |
| 260 |
_aLisboa : _b[s.n.], _c1872 ( _fTypographia Portugueza) |
||
| 300 |
_a[6], 300, [2] en bl., [1] p. ; _c19 cm. |
||
| 852 |
_aES-MaACL _jG-8564 _z-- Enc. pasta española |
||
| 999 |
_c167020 _d167020 |
||